00426nam a2200157Ia 4500003000900000008004100009040001600050080001600066100001800082245007100100260002600171300001400197650001300211650001700224700002700241IN-BaIIA211028s9999 xx 000 0 eng d cIIA Library a535.37bCUR aCurie, Daniel 0aLuminescence in crystalscD. Curie; translated by G. F. J. Garlick aLondonbMethuenc1960 axi, 332p. aCrystals aLuminescence aG. F. J. Garlick., tr.